[Event "St Petersburg Korchnoi Memorial op"]
[Site "St Petersburg"]
[Date "2023.08.20"]
[Round "4"]
[White "Kildishova, Alina"]
[Black "Chentsov, Daniil"]
[Result "0-1"]
[WhiteElo "1589"]
[BlackElo "1947"]
[PlyCount "96"]
[EventDate "2023.08.18"]
[EventType "swiss"]
[EventRounds "9"]
[EventCountry "RUS"]
[SourceTitle "EXT 2024"]
[Source "ChessBase"]
[SourceDate "2023.10.10"]
[SourceVersion "1"]
[SourceVersionDate "2023.10.10"]
[SourceQuality "1"]

1. e4 e6 2. d4 d5 3. e5 c5 4. c3 Nc6 5. Nf3 Qb6 6. a3 c4 7. Nbd2 Na5 8. b3 cxb3 9. Rb1 Bd7 10. Nxb3 Ba4 11. Nfd2 Rc8 12. Qf3 Nxb3 13. Nxb3 Bxb3 14. Bd3 Ne7 15. Bc2 Bxc2 16. Rxb6 axb6 17. 0-0 Be4 18. Qd1 b5 19. Qe2 Rc4 20. Qb2 Nc6 21. Qxb5 Be7 22. Qxb7 0-0 23. a4 Rb8 24. Qd7 Kf8 25. a5 Nxa5 26. Bg5 Nc6 27. Bxe7+ Nxe7 28. Ra1 Rcc8 29. h4 Rb1+ 30. Rxb1 Bxb1 31. g4 h5 32. f3 hxg4 33. fxg4 f6 34. exf6 gxf6 35. Qxe6 Rc6 36. Qe2 Be4 37. Qe3 Kg7 38. g5 fxg5 39. hxg5 Nf5 40. Qd2 Kg6 41. Kh2 Rb6 42. Kg1 Nh4 43. Qf4 Nf3+ 44. Kf2 Nxg5 45. Kg3 Rf6 46. Qe5 Rf3+ 47. Kh2 Rh3+ 48. Kg1 Nf3+ 0-1